|
|
|
|
| LEADER |
01069nam a2200277 a 4500 |
| 001 |
000564693 |
| 003 |
CZ BrMZK |
| 005 |
20111003212056.0 |
| 007 |
ta |
| 008 |
000105s1992 xr f cze d |
| 015 |
|
|
|a cnb000067540
|
| 035 |
|
|
|a (OCoLC)39591417
|
| 040 |
|
|
|a BOA001
|b cze
|
| 080 |
|
|
|a 681.324 Novell NetWare 2.20
|2 MRF
|
| 100 |
1 |
|
|a Pospíšil, Josef
|7 jx20040604006
|
| 245 |
1 |
0 |
|a Přehled příkazů a programů systému Novell NetWare v 2.20 /
|c Josef Pospíšil.
|
| 260 |
|
|
|a Pardubice :
|b Systemconsult,
|c 1992
|
| 300 |
|
|
|a 55 s.
|
| 490 |
1 |
|
|a Lokální počítačové sítě LAN
|
| 830 |
|
0 |
|a Lokální počítačové sítě LAN
|
| 856 |
4 |
1 |
|u http://www.digitalniknihovna.cz/mzk/uuid/uuid:829f9570-3635-11e3-8d9d-005056827e51
|y Digitalizovaný dokument
|x NDK
|
| 910 |
|
|
|a BOA001
|b 2-0978.506
|b TK-0250.881
|
| 920 |
|
|
|a 000161790
|
| 990 |
|
|
|a BK
|
| 996 |
7 |
|
|b 2619346941
|c 2-0978.506
|l MZK
|r Sklad / do 1 hodiny
|n 0
|w 000564693
|u 000010
|a 1
|e BOA001
|j MZK50
|s A
|
| 996 |
7 |
|
|b 2629986932
|c TK-0250.881
|l MZK
|r Sklad / do 24 hodin
|n 0
|w 000564693
|u 000020
|a 1
|e BOA001
|j MZK50
|s A
|